| 000 | 01433cam a22002174a 4500 | ||
|---|---|---|---|
| 005 | 20250605163922.0 | ||
| 008 | 250528s ||||||||||||||||||||||||d | ||
| 035 | _a14425 | ||
| 020 | _a761956611 | ||
| 040 |
_aGR-AtMCL _bgre _dGR-AtMCL _eAACR2 |
||
| 245 | 1 | _aQualitative Health Psychology / Theories and Methods | |
| 250 | _a1st | ||
| 260 |
_bSage Publications, _c1999 |
||
| 300 | _a266 | ||
| 520 | _aThis book provides a strong case for the use of a qualitative framework in Health Psychology. Notes on Contributors, Constructing Health and Illness Through Language, Health Psychology and Qualitative Research, Social Realms and the Qualities of Illness Experience, Understanding Embodied Experience, The Storied Nature of Health and Illness, Making Sense of Illness Experiences, Feminist Approaches to Qualitative Health Research, Conversing about Health and Illness, Interviewing the Ill and the Healthy, Talking to Children about Health and Illness, Qualitative Research in the Field of Death and Dying, Cross-Cultural Research in Health Psychology, Transforming Talk into Text, Using Grounded Theory in Health Psychology, Action Research, Doing Interpretative Phenomenological Analysis, Shaping Health Psychology: Qualitative Research and Evaluation and Representation, Name and Subject Index. | ||
| 700 | 1 |
_aChamberlain Kerry _979 |
|
| 700 | 1 |
_aMurray Michael _980 |
|
| 942 | _cBK | ||
| 999 |
_c58 _d58 |
||